War on Waste Can America Win Its Battle with Garbage?

Guardado en:
Detalles Bibliográficos
Autor principal: Blumberg, Louis
Otros Autores: Cottlieb, Robert
Formato: Libro
Lenguaje:inglés
Publicado: Washington Island Press 1989
Edición:1. ed.
Etiquetas: Agregar Etiqueta
Sin Etiquetas, Sea el primero en etiquetar este registro!

MARC

LEADER 00000nam a2200000 4500
001 c026597
005 20221215114608.9
041 0 |a eng 
044 |a US 
245 1 0 |a War on Waste  |b Can America Win Its Battle with Garbage?  |c Louis Blumberg, Robert Cottlieb 
250 |a 1. ed. 
264 1 |a Washington  |b Island Press  |c 1989 
300 |a 301 s. 
100 1 |a Blumberg, Louis 
700 1 |a Cottlieb, Robert